Observatorio de recursos humanos de salud /

Збережено в:
Бібліографічні деталі
Автор: Brito Q., Pedro E.
Співавтор: Organización Panamericana de la Salud. Programa de Desarrollo de Recursos Humanos en Salud. Observatorio de los Recursos Humanos de Salud en las Reformas Sectoriales. División de Desarrollo de Sistemas y Servicios de Salud
Інші автори: Granda, Edmundo
Формат: Текст
Опубліковано: Quito: OPS/OMS
Теги: Додати тег
Немає тегів, Будьте першим, хто поставить тег для цього запису!

MARC

LEADER 00000 a a2200000 04500
001 18273
003
040
090 |a 142600  
100 |a Brito Q., Pedro E.  
110 |a Organización Panamericana de la Salud. Programa de Desarrollo de Recursos Humanos en Salud. Observatorio de los Recursos Humanos de Salud en las Reformas Sectoriales. División de Desarrollo de Sistemas y Servicios de Salud  
245 |a Observatorio de recursos humanos de salud /  |c Pedro E. Brito Q. 
260 |a Quito:   |b OPS/OMS  
300 |a 140 p.  
300 |b **no definido**  
700 |a Granda, Edmundo  
999 |c 14211  |d 14211